Physics of Interstellar Space : (Record no. 180568)

000 -LEADER
fixed length control field 00676 a2200181 4500
003 - CONTROL NUMBER IDENTIFIER
control field Nust
005 - DATE AND TIME OF LATEST TRANSACTION
control field 20250911164551.0
040 ## - CATALOGING SOURCE
Transcribing agency Nust
082 ## - DEWEY DECIMAL CLASSIFICATION NUMBER
Classification number 530,PIK
100 ## - MAIN ENTRY--PERSONAL NAME
Personal name S.Pikelner
9 (RLIN) 130463
245 ## - TITLE STATEMENT
Title Physics of Interstellar Space :
Remainder of title A Popular Science Outline /
Statement of responsibility, etc. S. Pikelner
260 ## - PUBLICATION, DISTRIBUTION, ETC.
Place of publication, distribution, etc. Moscow
Name of publisher, distributor, etc. Foreign Language Publishing
300 ## - PHYSICAL DESCRIPTION
Extent 229:p
505 ## - FORMATTED CONTENTS NOTE
Formatted contents note Introduction (Page-5) Planetary Nebulae (Page-22) Diffuse Nebulae (Page-70) Interstellar Gas (Page-85) Magnetic Fields in the Galaxy (Page-152) The Interstellar Medium A Step in the Evolution of Galactic Matter (Page-200)
538 ## - SYSTEM DETAILS NOTE
System details note Almirah No. 15 Shelf No. 4
650 ## - SUBJECT ADDED ENTRY--TOPICAL TERM
Topical term or geographic name entry element Physics
942 ## - ADDED ENTRY ELEMENTS (KOHA)
Source of classification or shelving scheme
Koha item type Book
Holdings
Withdrawn status Lost status Source of classification or shelving scheme Damaged status Not for loan Permanent Location Current Location Shelving location Date acquired Full call number Barcode Date last seen Price effective from Koha item type Public note
          Military College of Signals (MCS) Military College of Signals (MCS) General Stacks 12/12/2016 530,PIK MCS21591 12/08/2016 12/12/2016 Book Almirah No.77, Shelf No.2
© 2023 Central Library, National University of Sciences and Technology. All Rights Reserved.